[Event "Frome Open 2015"]
[Site "Frome ENG"]
[Date "2015.05.15"]
[Round "1.1"]
[White "Buckley, David E"]
[Black "de Coverly, Roger D"]
[Result "1-0"]
[WhiteElo "2285"]
[BlackElo "1996"]
[PlyCount "101"]
[EventDate "2015.05.15"]

1. d4 Nf6 2. c4 g6 3. Nc3 Bg7 4. e4 d6 5. f4 O-O 6. Nf3 Na6 7. Bd3 e5 8. fxe5
dxe5 9. d5 Nc5 10. Bc2 a5 11. O-O Ne8 12. Bg5 f6 13. Be3 b6 14. a3 Nd6 15. Nd2
f5 16. b4 Ncxe4 17. Ncxe4 fxe4 18. Bxe4 axb4 19. axb4 Rxa1 20. Qxa1 Nxe4 21.
Nxe4 Bf5 22. Bg5 Qc8 23. Qe1 Bxe4 24. Qxe4 Rxf1+ 25. Kxf1 Qf8+ 26. Ke2 Qxb4 27.
Qg4 h6 28. Bd8 Qb2+ 29. Kd1 Qb1+ 30. Kd2 e4 31. Qe2 Qb2+ 32. Kd1 Qd4+ 33. Kc2
Be5 34. h3 Qb2+ 35. Kd1 Qb3+ 36. Qc2 Qe3 37. Qe2 Qd4+ 38. Kc2 Qc3+ 39. Kd1 e3
40. Qc2 Qxc2+ 41. Kxc2 Kf7 42. Bh4 g5 43. Be1 Bh2 44. Kd3 Bg1 45. Bg3 Ke7 46.
Bxc7 Kd7 47. Bxb6 e2 48. Ba5 Kd6 49. Kxe2 Kc5 50. Kd3 Bh2 51. Bc3 1-0

[Event "Frome Open 2015"]
[Site "Frome ENG"]
[Date "2015.05.15"]
[Round "1.2"]
[White "Cusick, Peter W"]
[Black "Rudd, Jack"]
[Result "0-1"]
[WhiteElo "1974"]
[BlackElo "2250"]
[PlyCount "121"]
[EventDate "2015.05.15"]

1. e4 e5 2. Nf3 Nc6 3. Bb5 Nf6 4. Qe2 a6 5. Bxc6 dxc6 6. d3 Nd7 7. Nbd2 g6 8.
h4 h6 9. Nc4 Bg7 10. Bd2 Qe7 11. Bc3 c5 12. h5 g5 13. Ne3 Nb6 14. a4 Bd7 15. b3
f6 16. Nh2 Be6 17. Nhf1 O-O-O 18. Ng3 Bf8 19. O-O Qe8 20. Rfb1 Nd7 21. b4 Nb8
22. b5 axb5 23. Rxb5 Nc6 24. Rab1 b6 25. a5 Nb4 26. R5xb4 cxb4 27. axb6 bxc3
28. d4 Rxd4 29. Qa6+ Kd7 30. bxc7 Qc8 31. Qa7 Bd6 32. Rb8 Rb4 33. Rxc8 Rxc8 34.
Ngf5 Rxc7 35. Qa8 Rc8 36. Qa7+ Rc7 37. Qa8 Bc5 38. Qh8 Rxe4 39. Ng7 Bf7 40. Qh7
Ra4 41. Ngf5 Kc6 42. Qxh6 Kb7 43. Qxf6 Bxh5 44. Qxe5 Bg6 45. Nd6+ Ka6 46. Qf6
Ra1+ 47. Kh2 Rc6 48. Qxg6 Bxd6+ 49. Kh3 Rh1+ 50. Kg4 Rh4+ 51. Kf3 Rf4+ 52. Ke2
Rxf2+ 53. Kd3 Rd2+ 54. Ke4 Rd4+ 55. Kf3 Rc5 56. g3 Ka5 57. Qg7 g4+ 58. Nxg4
Rf5+ 59. Ke3 Bc5 60. Qc7+ Kb5 61. Qd7+ 0-1

[Event "Frome Open 2015"]
[Site "Frome ENG"]
[Date "2015.05.15"]
[Round "1.3"]
[White "Girdlestone, Paul C"]
[Black "Cordner, David A"]
[Result "0-1"]
[WhiteElo "2142"]
[BlackElo "1967"]
[PlyCount "64"]
[EventDate "2015.05.15"]

1. Nf3 Nf6 2. c4 e6 3. g3 b6 4. Bg2 Bb7 5. O-O c5 6. Nc3 Be7 7. d3 O-O 8. e4 d6
9. a3 Nc6 10. Re1 e5 11. Rb1 Qd7 12. Ng5 h6 13. Bh3 Qe8 14. Nf3 Bc8 15. Bxc8
Qxc8 16. Kg2 Re8 17. b4 Nd4 18. h3 Nh7 19. bxc5 bxc5 20. Nxd4 cxd4 21. Nd5 Bg5
22. f4 exf4 23. gxf4 Bh4 24. Re2 f5 25. e5 dxe5 26. fxe5 Rb8 27. Bb2 f4 28.
Nxf4 Qf5 29. Nd5 Ng5 30. Kh1 Rxe5 31. Rh2 Re1+ 32. Qxe1 Qf3+ 0-1

[Event "Frome Open 2015"]
[Site "Frome ENG"]
[Date "2015.05.15"]
[Round "1.4"]
[White "Bartlett, Simon"]
[Black "Adaway, William"]
[Result "0-1"]
[WhiteElo "1948"]
[BlackElo "2102"]
[PlyCount "72"]
[EventDate "2015.05.15"]

1. e4 c5 2. Nf3 e6 3. d4 cxd4 4. Nxd4 a6 5. c4 Nf6 6. Nc3 Qc7 7. Be3 Bb4 8. Bd3
Nc6 9. Rc1 Ne5 10. a3 Nxd3+ 11. Qxd3 Be7 12. f3 d6 13. O-O O-O 14. b4 Bd7 15.
Nb3 b6 16. Rfd1 Rfc8 17. Ne2 Ba4 18. Rd2 Qb7 19. Rb2 Rc7 20. Nc3 Be8 21. Rcb1
Qc6 22. Ne2 Qxc4 23. Qxc4 Rxc4 24. Bxb6 Rac8 25. Be3 Bd8 26. Nd2 R4c6 27. a4
Bb6 28. Bxb6 Rxb6 29. Nd4 Bxa4 30. Ra1 Bd7 31. f4 g6 32. N4f3 Rbc6 33. Rba2
Rc1+ 34. Kf2 Bb5 35. h3 R1c2 36. Ke3 R8c3+ 0-1

[Event "Frome Open 2015"]
[Site "Frome ENG"]
[Date "2015.05.15"]
[Round "1.5"]
[White "Pleasants, Allan J"]
[Black "Fallowfield, Nicholas"]
[Result "1-0"]
[WhiteElo "2095"]
[BlackElo "1942"]
[PlyCount "55"]
[EventDate "2015.05.15"]

1. e4 Nf6 2. e5 Nd5 3. d4 d6 4. c4 Nb6 5. exd6 exd6 6. Nf3 Bg4 7. Be2 Be7 8.
Nc3 O-O 9. O-O Nc6 10. b3 Re8 11. h3 Bh5 12. Be3 f5 13. Qd2 Bf6 14. Rad1 a5 15.
a4 Bxf3 16. Bxf3 f4 17. Bxf4 Nxd4 18. Bxb7 Rb8 19. Be4 Nxb3 20. Qc2 Bxc3 21.
Bxh7+ Kh8 22. Qxc3 Nxa4 23. Qc2 Qh4 24. Bg6 Nac5 25. g3 Qxh3 26. Rd5 Re5 27.
Bxe5 dxe5 28. Rxe5 1-0

[Event "Frome Open 2015"]
[Site "Frome ENG"]
[Date "2015.05.15"]
[Round "1.6"]
[White "Appleby, Stephen"]
[Black "Menadue, Jeremy FS"]
[Result "0-1"]
[WhiteElo "1937"]
[BlackElo "2039"]
[PlyCount "80"]
[EventDate "2015.05.15"]

1. d4 d5 2. Nf3 Nf6 3. c4 c6 4. g3 Bf5 5. Bg2 e6 6. O-O Nbd7 7. Nbd2 h6 8. b3
Bd6 9. Bb2 O-O 10. Ne5 Bxe5 11. dxe5 Ng4 12. h3 Ngxe5 13. f4 Nxc4 14. Nxc4 dxc4
15. e4 Bh7 16. bxc4 Nc5 17. Qg4 f6 18. Kh2 Qd2 19. Ba3 Bxe4 20. Rg1 Bf5 21. Qf3
Qa5 22. Qe3 b6 23. g4 Bg6 24. Bxc5 bxc5 25. Qxe6+ Bf7 26. Qxc6 Rac8 27. Qb5 Qc7
28. Rgf1 Rb8 29. Qc6 Qa5 30. Rab1 Rxb1 31. Rxb1 Qxa2 32. Rb7 Qxc4 33. Qc7 a5
34. Ra7 Re8 35. Rxa5 Re2 36. Qb8+ Kh7 37. Qb1+ Bg6 38. f5 Bf7 39. Ra3 Bd5 40.
Rg3 Qf4 0-1

[Event "Frome Open 2015"]
[Site "Frome ENG"]
[Date "2015.05.15"]
[Round "1.7"]
[White "McDougall, William M"]
[Black "Hollands, George E"]
[Result "1-0"]
[WhiteElo "2023"]
[BlackElo "1937"]
[PlyCount "65"]
[EventDate "2015.05.15"]

1. d4 d5 2. c4 c6 3. Nf3 Nf6 4. e3 Bf5 5. Nc3 e6 6. Nh4 Bg6 7. Qb3 Qc7 8. Bd2
Nbd7 9. Rc1 Rc8 10. Be2 Be7 11. Nxg6 hxg6 12. g3 Nb6 13. cxd5 Nbxd5 14. Bf3 Qd7
15. Bg2 O-O 16. O-O Rfe8 17. Rfd1 Bf8 18. Na4 Qc7 19. e4 Nb6 20. Ba5 Nfd7 21.
d5 c5 22. dxe6 Rxe6 23. Bh3 c4 24. Bxe6 cxb3 25. Rxc7 Rxc7 26. Bxb3 Nf6 27. e5
Ng4 28. e6 Ne5 29. f4 Nec4 30. exf7+ Kxf7 31. Rc1 Kf6 32. Bxb6 axb6 33. Rxc4
1-0

[Event "Frome Open 2015"]
[Site "Frome ENG"]
[Date "2015.05.15"]
[Round "1.8"]
[White "Littleton, Mark"]
[Black "Payne, Matthew J"]
[Result "1/2-1/2"]
[WhiteElo "1870"]
[BlackElo "2017"]
[PlyCount "66"]
[EventDate "2015.05.15"]

1. d4 Nf6 2. Nf3 g6 3. Bg5 Bg7 4. Nbd2 d5 5. e3 c5 6. c3 Nc6 7. Be2 Bf5 8. O-O
cxd4 9. cxd4 O-O 10. Qb3 Qd7 11. Rfc1 a6 12. Rc5 Rfd8 13. h3 h6 14. Bf4 g5 15.
Ne5 Nxe5 16. Bxe5 Ne8 17. Bxg7 Kxg7 18. Rac1 f6 19. Bd3 Bxd3 20. Qxd3 Rac8 21.
Qc3 Nd6 22. Rc7 Qe6 23. Qb4 Kf7 24. Qb6 Rxc7 25. Rxc7 Rc8 26. Rc5 g4 27. hxg4
Qxg4 28. Rxc8 Qxc8 29. Nb3 Nc4 30. Qc5 Qf5 31. Qc7 Qb1+ 32. Kh2 Qxb2 33. Qxb7
Nd6 1/2-1/2

[Event "Frome Open 2015"]
[Site "Frome ENG"]
[Date "2015.05.15"]
[Round "1.9"]
[White "Slade, Theodore"]
[Black "Waterfield, John W"]
[Result "0-1"]
[WhiteElo "2008"]
[BlackElo "1867"]
[PlyCount "88"]
[EventDate "2015.05.15"]

1. e4 c5 2. Nf3 d6 3. d4 cxd4 4. Nxd4 Nf6 5. Nc3 a6 6. Bg5 e6 7. f4 Nc6 8. e5
h6 9. Bh4 Nxd4 10. Qxd4 dxe5 11. Qxd8+ Kxd8 12. fxe5 g5 13. Bg3 Nd7 14. O-O-O
Bg7 15. Bc4 b5 16. Be2 Bb7 17. Bf3 Bxf3 18. gxf3 Ke7 19. Rhe1 Rhc8 20. Ne4 Rc6
21. Nd6 Nxe5 22. Nf5+ exf5 23. Bxe5 Bxe5 24. Rxe5+ Kf6 25. Rdd5 Rac8 26. Rxf5+
Kg6 27. c3 b4 28. f4 g4 29. Rfe5 bxc3 30. b4 f6 31. Re3 Rc4 32. f5+ Kg5 33. a3
h5 34. h3 Kf4 35. Red3 g3 36. Rd7 Rg8 37. Rd1 g2 38. Rg1 Ke3 39. Kc2 Kf2 40.
Rdd1 Rg3 41. Rb1 Rd4 42. Rbe1 Rd2+ 43. Kb3 c2+ 44. Kc4 Rxa3 0-1

[Event "Frome Open 2015"]
[Site "Frome ENG"]
[Date "2015.05.16"]
[Round "2.1"]
[White "Menadue, Jeremy FS"]
[Black "Buckley, David E"]
[Result "1/2-1/2"]
[WhiteElo "2039"]
[BlackElo "2285"]
[PlyCount "52"]
[EventDate "2015.05.15"]

1. d4 Nf6 2. c4 e6 3. Nc3 Bb4 4. Nf3 c5 5. g3 Ne4 6. Qd3 Qa5 7. Qxe4 Bxc3+ 8.
Bd2 Bxd2+ 9. Nxd2 Nc6 10. dxc5 b6 11. Bg2 Bb7 12. Qf4 bxc5 13. Qd6 Nd8 14. O-O
Bxg2 15. Kxg2 Nb7 16. Qf4 O-O 17. Rfd1 Qb6 18. Nf3 d6 19. Rd2 h6 20. e4 Rad8
21. Rad1 Qa6 22. b3 Qc6 23. Kg1 f6 24. h4 a5 25. g4 g5 26. Qe3 Qc7 1/2-1/2

[Event "Frome Open 2015"]
[Site "Frome ENG"]
[Date "2015.05.16"]
[Round "2.2"]
[White "Rudd, Jack"]
[Black "McDougall, William M"]
[Result "1-0"]
[WhiteElo "2250"]
[BlackElo "2023"]
[PlyCount "41"]
[EventDate "2015.05.15"]

1. e4 c5 2. Nf3 d6 3. d4 cxd4 4. Nxd4 Nf6 5. Nc3 a6 6. Bg5 e6 7. f4 Qc7 8. Qe2
Nc6 9. O-O-O Nxd4 10. Rxd4 b5 11. g4 Qc5 12. Rd3 Bb7 13. Bg2 Nd7 14. Nd5 b4 15.
e5 Ra7 16. Rhd1 h6 17. Bh4 Bxd5 18. Rxd5 exd5 19. exd6+ Ne5 20. Qxe5+ Kd7 21.
Qf5+ 1-0

[Event "Frome Open 2015"]
[Site "Frome ENG"]
[Date "2015.05.16"]
[Round "2.3"]
[White "Adaway, William"]
[Black "Cordner, David A"]
[Result "0-1"]
[WhiteElo "2102"]
[BlackElo "1967"]
[PlyCount "100"]
[EventDate "2015.05.15"]

1. e4 c6 2. Nc3 d5 3. Nf3 Bg4 4. h3 Bxf3 5. Qxf3 Nf6 6. d3 e6 7. g3 d4 8. Ne2
Nbd7 9. g4 Bb4+ 10. c3 Ne5 11. Qg3 dxc3 12. Nxc3 Qd4 13. Bd2 O-O-O 14. O-O-O
Nxd3+ 15. Bxd3 Qxd3 16. Qxd3 Rxd3 17. e5 Bxc3 18. Bxc3 Rxd1+ 19. Rxd1 Nd5 20.
Bd2 h5 21. f4 hxg4 22. hxg4 g6 23. Rf1 Kd7 24. Kc2 Rh2 25. Kd3 Rg2 26. f5 Rg3+
27. Kc2 gxf5 28. gxf5 Ne3+ 29. Bxe3 Rxe3 30. fxe6+ fxe6 31. Rf7+ Kc8 32. a4
Rxe5 33. b4 a5 34. Kc3 Kb8 35. Re7 axb4+ 36. Kxb4 Ka7 37. Re8 Kb6 38. a5+ Rxa5
39. Rxe6 Rh5 40. Rg6 Rh4+ 41. Kb3 Kb5 42. Rg7 b6 43. Rg3 c5 44. Rf3 Rb4+ 45.
Ka3 Rd4 46. Rb3+ Kc6 47. Rh3 b5 48. Rg3 Ra4+ 49. Kb3 c4+ 50. Kb2 Kc5 0-1

[Event "Frome Open 2015"]
[Site "Frome ENG"]
[Date "2015.05.16"]
[Round "2.4"]
[White "Waterfield, John W"]
[Black "Pleasants, Allan J"]
[Result "1/2-1/2"]
[WhiteElo "1867"]
[BlackElo "2095"]
[PlyCount "63"]
[EventDate "2015.05.15"]

1. e4 d6 2. d4 g6 3. Nc3 Bg7 4. f4 e6 5. Nf3 Ne7 6. Be3 Nd7 7. Qd2 a6 8. a4 Nf6
9. h3 b6 10. Bd3 Bb7 11. Qe2 Qd7 12. O-O O-O 13. f5 exf5 14. exf5 Nxf5 15. Bxf5
Qxf5 16. Ng5 Qd7 17. Qd2 Rae8 18. d5 Nxd5 19. Nxd5 Bxd5 20. Bd4 Bxd4+ 21. Qxd4
Re5 22. Nf3 Rf5 23. Nh2 c5 24. Qc3 f6 25. Ng4 Kg7 26. Rxf5 Qxf5 27. Re1 h5 28.
Re7+ Bf7 29. Ne3 Qf4 30. Nd5 Qd4+ 31. Qxd4 cxd4 32. Nxb6 1/2-1/2

[Event "Frome Open 2015"]
[Site "Frome ENG"]
[Date "2015.05.16"]
[Round "2.5"]
[White "Payne, Matthew J"]
[Black "Turner, Matthew J"]
[Result "0-1"]
[WhiteElo "2017"]
[BlackElo "2478"]
[PlyCount "82"]
[EventDate "2015.05.15"]

1. e4 c5 2. Nc3 g6 3. f4 Bg7 4. Nf3 Nc6 5. Bb5 Nd4 6. O-O a6 7. Bd3 d6 8. Nxd4
cxd4 9. Ne2 Nf6 10. b3 Nd7 11. Ng3 Nc5 12. Qf3 O-O 13. Bb2 Bd7 14. f5 Nxd3 15.
cxd3 Rc8 16. Rac1 Rxc1 17. Rxc1 Qa5 18. Qf2 e5 19. a4 Qb4 20. Rc7 Rd8 21. Qe1
Qxb3 22. Qc1 Bf8 23. a5 Qxd3 24. Rxb7 Rc8 25. Qf1 Qxf1+ 26. Nxf1 Bb5 27. Ba3
gxf5 28. exf5 d5 29. Bxf8 Kxf8 30. f6 e4 31. Ng3 e3 32. dxe3 dxe3 33. h4 Re8
34. Re7 Rxe7 35. fxe7+ Kxe7 36. Nf5+ Ke6 37. Nxe3 d4 38. Nc2 Kd5 39. Kf2 Kc4
40. Na3+ Kb4 41. Nc2+ Kc3 0-1

[Event "Frome Open 2015"]
[Site "Frome ENG"]
[Date "2015.05.16"]
[Round "2.6"]
[White "Sarakauskas, Gediminas"]
[Black "Bourne, Johnathan D"]
[Result "1-0"]
[WhiteElo "2397"]
[BlackElo "1980"]
[PlyCount "99"]
[EventDate "2015.05.15"]

1. e4 e6 2. d4 d5 3. Nd2 Nf6 4. e5 Nfd7 5. Bd3 c5 6. c3 Nc6 7. Ne2 cxd4 8. cxd4
f6 9. exf6 Nxf6 10. O-O Bd6 11. Nf3 Qc7 12. h3 O-O 13. Be3 Bd7 14. Nc3 a6 15.
Rc1 Rac8 16. a3 h6 17. Re1 Nh5 18. Bb1 Be8 19. Na4 Qf7 20. Nc5 Bxc5 21. Rxc5
Rd8 22. Qd3 Nf6 23. Ne5 Qh5 24. Nxc6 Bxc6 25. f3 Qh4 26. Bf2 Qf4 27. Rxe6 Ne4
28. Rc2 Bb5 29. Qe3 Nxf2 30. Kxf2 Qh4+ 31. Kg1 Bd7 32. Re5 Bf5 33. Rc1 Bxb1 34.
Rxb1 Qf4 35. Rc1 Qxe3+ 36. Rxe3 Rf4 37. Rc7 Rxd4 38. Ree7 Rd1+ 39. Kh2 Rd2 40.
Rxg7+ Kf8 41. Rcf7+ Ke8 42. Rxb7 Kf8 43. Rh7 Kg8 44. Rxh6 d4 45. Rxa6 d3 46.
Rg6+ Kh8 47. Rgg7 Re2 48. Rh7+ Kg8 49. Rbg7+ Kf8 50. Rh8+ 1-0

[Event "Frome Open 2015"]
[Site "Frome ENG"]
[Date "2015.05.16"]
[Round "2.7"]
[White "Footner, Andrew F"]
[Black "Headlong, Timothy"]
[Result "1/2-1/2"]
[WhiteElo "1941"]
[BlackElo "2161"]
[PlyCount "65"]
[EventDate "2015.05.15"]

1. e4 c5 2. c3 d5 3. exd5 Qxd5 4. d4 Nf6 5. Nf3 Bg4 6. Be2 e6 7. h3 Bh5 8. O-O
Nc6 9. c4 Qd8 10. Be3 cxd4 11. Nxd4 Bxe2 12. Nxe2 Be7 13. Qb3 Qc7 14. Nbc3 O-O
15. Nb5 Qc8 16. Rac1 Rd8 17. Rfd1 b6 18. c5 Rxd1+ 19. Qxd1 bxc5 20. Bxc5 Qb7
21. Bxe7 Nxe7 22. Nbc3 h6 23. Na4 Ned5 24. Qd4 Rb8 25. b3 Nd7 26. Nc5 Nxc5 27.
Qxc5 Qa6 28. Nd4 Qxa2 29. Qd6 Rf8 30. Nxe6 fxe6 31. Qxe6+ Kh8 32. Qxd5 Qxf2+
33. Kh1 1/2-1/2

[Event "Frome Open 2015"]
[Site "Frome ENG"]
[Date "2015.05.16"]
[Round "2.8"]
[White "Gower, Sam"]
[Black "Goldie, Thomas"]
[Result "1-0"]
[WhiteElo "1915"]
[BlackElo "2090"]
[PlyCount "143"]
[EventDate "2015.05.15"]

1. e4 c5 2. Nf3 d6 3. c4 Nf6 4. Nc3 Nc6 5. d4 cxd4 6. Nxd4 a6 7. Be2 e6 8. Be3
Be7 9. O-O O-O 10. Nc2 Bd7 11. Qd2 Qb8 12. a4 b6 13. Rfb1 Ne5 14. f3 Qc7 15. b3
Rfd8 16. Bf1 Bc6 17. Qf2 Rab8 18. Nb4 Qb7 19. Nxa6 Qxa6 20. c5 Qb7 21. cxb6
Nxe4 22. Nxe4 Bxe4 23. fxe4 Ng4 24. Qf3 Nxe3 25. Qxe3 d5 26. a5 dxe4 27. Rc1
Bd6 28. Bb5 Qd5 29. Bc6 Qh5 30. g3 Bb4 31. Ra2 Bxa5 32. b7 Bb4 33. Kg2 Be7 34.
Qxe4 Qg5 35. Qf4 Qxf4 36. gxf4 Bd6 37. Kf3 Kf8 38. Rac2 Ba3 39. Ra1 Bd6 40.
Rac1 Ba3 41. Ra1 Bd6 42. h4 h5 43. Rc4 g6 44. Rac1 Ke7 45. b4 Rf8 46. b5 Rfd8
47. R1c2 Rf8 48. Rd2 Rbd8 49. Rcd4 Bb8 50. Rd7+ Rxd7 51. Rxd7+ Kf6 52. b6 Rg8
53. Rc7 Rd8 54. Ke4 Rf8 55. Kd4 Rd8+ 56. Kc5 Rf8 57. Kd6 Rg8 58. Bd7 Rd8 59.
Kc6 Ke7 60. Rc8 Bxf4 61. Rc7 Rb8 62. Bc8+ Ke8 63. Kb5 f6 64. Ka6 Kd8 65. Rd7+
Ke8 66. Rg7 g5 67. hxg5 fxg5 68. Rc7 g4 69. Bxe6 g3 70. Ka7 Bxc7 71. bxc7 g2
72. cxb8=Q+ 1-0

[Event "Frome Open 2015"]
[Site "Frome ENG"]
[Date "2015.05.16"]
[Round "2.9"]
[White "Richmond, Jane"]
[Black "Littleton, Mark"]
[Result "1-0"]
[WhiteElo "2086"]
[BlackElo "1870"]
[PlyCount "91"]
[EventDate "2015.05.15"]

1. e4 c6 2. Ne2 d5 3. e5 e6 4. d4 c5 5. c3 Nc6 6. Be3 cxd4 7. Bxd4 Nge7 8. f4
Nf5 9. Bf2 b6 10. Nd2 Bc5 11. Nf3 O-O 12. Ned4 Ncxd4 13. Bxd4 Bxd4 14. cxd4 Ne3
15. Qd3 Nxf1 16. Ng5 g6 17. Qh3 h5 18. Rxf1 Kg7 19. Rc1 Ba6 20. Rf2 Qe7 21.
Rfc2 Qb4+ 22. Qc3 Qxc3+ 23. Rxc3 Bb5 24. Rc7 Kg8 25. Kd2 a5 26. Rb7 Rab8 27.
Rcc7 Rxb7 28. Rxb7 Bf1 29. g3 b5 30. Rc7 a4 31. Kc3 Bc4 32. a3 Be2 33. Kb4 Bc4
34. Kc5 Be2 35. Kd6 Bc4 36. Ke7 Kg7 37. Rd7 Be2 38. Rd8 Rxd8 39. Kxd8 Kf8 40.
Nh7+ Kg7 41. Nf6 Kf8 42. Nd7+ Kg7 43. Ke7 Bd3 44. Nf6 Be4 45. Ne8+ Kg8 46. Nd6
1-0

[Event "Frome Open 2015"]
[Site "Frome ENG"]
[Date "2015.05.16"]
[Round "2.10"]
[White "McLaren, Charlie"]
[Black "Whatley, Stephen AJ (jnr)"]
[Result "0-1"]
[WhiteElo "1671"]
[BlackElo "2054"]
[PlyCount "86"]
[EventDate "2015.05.15"]

1. d4 f5 2. c4 Nf6 3. Nf3 g6 4. g3 Bg7 5. Bg2 c6 6. O-O O-O 7. Nc3 d6 8. Qc2
Na6 9. a3 Qe8 10. b4 e5 11. dxe5 dxe5 12. Bb2 e4 13. Ng5 h6 14. Nh3 g5 15. Rfd1
Qh5 16. f3 e3 17. Rd6 f4 18. g4 Qf7 19. Na4 Be6 20. b5 cxb5 21. cxb5 Nc7 22.
Nc5 Bd5 23. Bxf6 Bxf6 24. Rd7 Bxa1 25. Rxf7 Rxf7 26. Qg6+ Bg7 27. Nxg5 hxg5 28.
Qxg5 Bc4 29. Bf1 Ne6 30. Nxe6 Bxe6 31. h4 Rc8 32. h5 Rf6 33. Qh4 Rc5 34. Bh3
Rc1+ 35. Kg2 Bc8 36. g5 Bxh3+ 37. Qxh3 Rd6 38. g6 Rc5 39. Qg4 Bh6 40. Kh2 Kg7
41. a4 Rg5 42. b6 axb6 43. Qh3 Rdd5 0-1

[Event "Frome Open 2015"]
[Site "Frome ENG"]
[Date "2015.05.16"]
[Round "2.11"]
[White "Fallowfield, Jeremy R"]
[Black "Holton, Jake"]
[Result "1-0"]
[WhiteElo "2053"]
[BlackElo "1571"]
[PlyCount "49"]
[EventDate "2015.05.15"]

1. d4 d5 2. c4 c6 3. Nf3 Nf6 4. Nc3 dxc4 5. a4 Bf5 6. Ne5 Nbd7 7. Nxc4 Qc7 8.
g3 e5 9. dxe5 Nxe5 10. Bf4 Nfd7 11. Bg2 g5 12. Ne3 gxf4 13. Nxf5 O-O-O 14. Qc2
Nc5 15. O-O fxg3 16. hxg3 Kb8 17. b4 Ne6 18. b5 Bc5 19. bxc6 Nxc6 20. Rab1 Nb4
21. Qe4 Nd4 22. Rxb4 Bxb4 23. Nxd4 Bxc3 24. Nb5 Qc6 25. Qf4+ 1-0

[Event "Frome Open 2015"]
[Site "Frome ENG"]
[Date "2015.05.16"]
[Round "2.12"]
[White "Bartlett, Simon"]
[Black "Girdlestone, Paul C"]
[Result "1-0"]
[WhiteElo "1948"]
[BlackElo "2142"]
[PlyCount "125"]
[EventDate "2015.05.15"]

1. e4 e5 2. Nf3 Nc6 3. Bb5 g6 4. d4 exd4 5. Nxd4 Bg7 6. Nxc6 bxc6 7. Bd3 Rb8 8.
c3 Ne7 9. O-O O-O 10. Qc2 d5 11. Be3 dxe4 12. Bxe4 f5 13. Bf3 f4 14. Bc5 Rf5
15. Rd1 Qe8 16. Bxa7 Rb7 17. Bd4 Rfb5 18. b3 Bxd4 19. cxd4 Bf5 20. Qd2 g5 21.
Nc3 Rb4 22. Qe2 g4 23. Bxg4 Qg6 24. Bf3 Qf6 25. Qe5 Qxe5 26. dxe5 Ra7 27. Be2
Kg7 28. Bc4 Ra3 29. Ne2 Nd5 30. Nd4 Ne7 31. Nxf5+ Nxf5 32. Rd7+ Kg6 33. e6 Kf6
34. Rf7+ Kg5 35. e7 Ra8 36. Rf8 Rbb8 37. Rxb8 Rxb8 38. Re1 Re8 39. Bf7 Rxe7 40.
Rxe7 Nxe7 41. Bc4 Kf6 42. a4 Ke5 43. a5 Kd4 44. Kf1 Kc5 45. Ke2 Ng6 46. Bd3 Ne5
47. Bxh7 Kb5 48. h4 Kxa5 49. h5 Kb4 50. Bg8 Kc5 51. h6 Kd4 52. h7 f3+ 53. gxf3
Ng6 54. Kd2 Nh8 55. Be6 c5 56. f4 Ke4 57. f5 Ke5 58. Kc3 Kd6 59. Kc4 Kc6 60.
Bg8 Kd6 61. f6 Ng6 62. f7 Ke7 63. Kxc5 1-0

[Event "Frome Open 2015"]
[Site "Frome ENG"]
[Date "2015.05.16"]
[Round "2.13"]
[White "Fallowfield, Nicholas"]
[Black "Slade, Theodore"]
[Result "1/2-1/2"]
[WhiteElo "1942"]
[BlackElo "2008"]
[PlyCount "57"]
[EventDate "2015.05.15"]

1. Nf3 Nf6 2. c4 b6 3. g3 Bb7 4. Bg2 e6 5. O-O Be7 6. d4 O-O 7. Nc3 Ne4 8. Qc2
Nxc3 9. Qxc3 c5 10. Be3 Bf6 11. Qd2 cxd4 12. Bxd4 Bxd4 13. Qxd4 Nc6 14. Qd6 Qe7
15. Rfd1 Rfd8 16. b3 Kf8 17. h4 Qxd6 18. Rxd6 Ke7 19. Rad1 Nb4 20. R6d2 d6 21.
Nd4 Bxg2 22. Kxg2 Rac8 23. Nb5 Rd7 24. Nxd6 Rcd8 25. Nc8+ Ke8 26. Rxd7 Rxd7 27.
Rxd7 Kxd7 28. Nxa7 Nxa2 29. Kf3 1/2-1/2

[Event "Frome Open 2015"]
[Site "Frome ENG"]
[Date "2015.05.16"]
[Round "2.14"]
[White "de Coverly, Roger D"]
[Black "Appleby, Stephen"]
[Result "1/2-1/2"]
[WhiteElo "1996"]
[BlackElo "1937"]
[PlyCount "86"]
[EventDate "2015.05.15"]

1. Nf3 Nf6 2. g3 g6 3. Bg2 Bg7 4. O-O d5 5. d4 O-O 6. c4 Nc6 7. cxd5 Nxd5 8. e4
Nb6 9. d5 Na5 10. Nc3 c6 11. dxc6 Nxc6 12. a4 Qxd1 13. Nxd1 Nc4 14. Rb1 Nd6 15.
Re1 Nb4 16. Bg5 Re8 17. Nc3 h6 18. Bf4 Nd3 19. Re2 Be6 20. Bxd6 exd6 21. Nb5
Re7 22. Nxd6 Rd8 23. e5 Nxe5 24. Nxb7 Rxb7 25. Nxe5 Rb3 26. f4 Bxe5 27. fxe5
Rd4 28. Be4 Rxe4 29. Rxe4 Bf5 30. Ree1 Bxb1 31. Rxb1 Kf8 32. Kf1 Ke7 33. Rc1
Rxb2 34. Rc7+ Ke6 35. Rxa7 Rxh2 36. a5 Ra2 37. a6 Kxe5 38. Rxf7 Rxa6 39. Kg2
Rf6 40. Ra7 Kf5 41. Ra2 Re6 42. Ra5+ Kf6 43. Ra2 Kf5 1/2-1/2

[Event "Frome Open 2015"]
[Site "Frome ENG"]
[Date "2015.05.16"]
[Round "2.15"]
[White "Hollands, George E"]
[Black "Cusick, Peter W"]
[Result "0-1"]
[WhiteElo "1937"]
[BlackElo "1974"]
[PlyCount "70"]
[EventDate "2015.05.15"]

1. d4 d5 2. c4 c6 3. Nf3 Nf6 4. Qc2 dxc4 5. Qxc4 Bf5 6. g3 e6 7. Bg2 Nbd7 8.
O-O Be7 9. Nc3 Ne4 10. Nd2 Nxd2 11. Bxd2 Nb6 12. Qb3 Qxd4 13. Be3 Qb4 14. Bxb6
Qxb6 15. Qxb6 axb6 16. e4 Bg6 17. Rfd1 Rd8 18. Rxd8+ Kxd8 19. Rd1+ Kc7 20. Kf1
Rd8 21. Ke2 Rxd1 22. Kxd1 e5 23. Kd2 f6 24. a3 Bc5 25. f3 Bf7 26. Bf1 b5 27.
Kc2 b4 28. axb4 Bxb4 29. Nd1 Bc5 30. h3 b5 31. b3 Kb6 32. Nb2 Bd4 33. Be2 Bxb2
34. Kxb2 Kc5 35. Kc2 Kb4 0-1

[Event "Frome Open 2015"]
[Site "Frome ENG"]
[Date "2015.05.16"]
[Round "3.1"]
[White "Cordner, David A"]
[Black "Rudd, Jack"]
[Result "0-1"]
[WhiteElo "1967"]
[BlackElo "2250"]
[PlyCount "100"]
[EventDate "2015.05.15"]

1. e4 e5 2. Nf3 Nc6 3. Bb5 Nf6 4. O-O Nxe4 5. d4 Nd6 6. Bxc6 dxc6 7. dxe5 Nf5
8. Qxd8+ Kxd8 9. Bg5+ Be7 10. Nc3 Bxg5 11. Nxg5 Ke7 12. Rad1 Nh4 13. g3 Ng6 14.
f4 Bf5 15. Rd2 Rhd8 16. Rfd1 Rxd2 17. Rxd2 Nf8 18. Nd1 h6 19. Nf3 Ne6 20. Ne3
Be4 21. Kf2 g6 22. Ke2 a5 23. Nd4 Nc5 24. Ng4 Na4 25. c3 Nb6 26. Ne3 a4 27. a3
Ra5 28. Kd1 Nd7 29. Ng4 h5 30. Nf2 Bd5 31. Nc2 h4 32. Ne3 Bf3+ 33. Kc2 hxg3 34.
hxg3 Ra8 35. Nfg4 Nc5 36. Nf6 Rh8 37. Rf2 Be4+ 38. Nxe4 Nxe4 39. Rg2 Rh3 40.
Nf1 Rh1 41. Nd2 Nc5 42. Nc4 Ke6 43. Ne3 Nb3 44. Kd3 b5 45. Ke4 Nc5+ 46. Kd4 Nd7
47. g4 Rh3 48. c4 bxc4 49. Nxc4 c5+ 50. Ke4 f5+ 0-1

[Event "Frome Open 2015"]
[Site "Frome ENG"]
[Date "2015.05.16"]
[Round "3.2"]
[White "Turner, Matthew J"]
[Black "Fallowfield, Jeremy R"]
[Result "1-0"]
[WhiteElo "2478"]
[BlackElo "2053"]
[PlyCount "63"]
[EventDate "2015.05.15"]

1. c4 f5 2. g3 Nf6 3. Bg2 g6 4. Nc3 Bg7 5. d3 d6 6. e4 fxe4 7. dxe4 O-O 8. Nge2
c5 9. O-O Nc6 10. h3 e5 11. Nd5 Be6 12. Kh2 Qd7 13. Bg5 Rf7 14. Qd2 Raf8 15. f3
Nd4 16. Nxd4 cxd4 17. Rac1 Kh8 18. Qa5 b6 19. Qa3 Ng8 20. Bd2 Bh6 21. Bxh6 Nxh6
22. f4 Ng8 23. fxe5 dxe5 24. Rxf7 Rxf7 25. c5 bxc5 26. Rxc5 Qd6 27. b4 Qf8 28.
Qc1 h6 29. Rc6 Bxd5 30. exd5 Rf2 31. Rc8 Qf3 32. Qxh6# 1-0

[Event "Frome Open 2015"]
[Site "Frome ENG"]
[Date "2015.05.16"]
[Round "3.3"]
[White "Whatley, Stephen AJ (jnr)"]
[Black "Sarakauskas, Gediminas"]
[Result "0-1"]
[WhiteElo "2054"]
[BlackElo "2397"]
[PlyCount "114"]
[EventDate "2015.05.15"]

1. e4 e5 2. Nf3 Nc6 3. Bc4 Bc5 4. c3 Nf6 5. d3 a6 6. Bb3 d6 7. Nbd2 Ba7 8. h3
h6 9. Nf1 Nh5 10. Ne3 Nf4 11. O-O Qf6 12. Nd5 Nxd5 13. exd5 Ne7 14. Be3 Ng6 15.
d4 O-O 16. dxe5 dxe5 17. Bxa7 Rxa7 18. Re1 Ra8 19. Nd2 Nf4 20. Re3 Bf5 21. c4
c6 22. Rf3 cxd5 23. cxd5 Rad8 24. Kh2 Qh4 25. Qf1 Bc8 26. Qc4 b5 27. Qe4 Rfe8
28. Re1 Kh8 29. Rg3 f5 30. Qb4 Nxg2 31. Qxh4 Nxh4 32. Rge3 Ng6 33. Nf3 e4 34.
Nd4 Ne7 35. Nc6 Nxc6 36. dxc6 Rd6 37. f3 Rxc6 38. fxe4 f4 39. Rd3 Be6 40. Bd1
Bxa2 41. e5 Rce6 42. Bc2 Bc4 43. Rd4 f3 44. Kg3 Be2 45. Be4 Rf8 46. Kf2 Rxe5
47. Bg6 Rg5 48. Rg4 Rxg4 49. hxg4 Rf6 50. Bb1 Rf4 51. Rc1 Rc4 52. Rg1 g5 53.
Bf5 Rb4 54. Rh1 Kg7 55. Ra1 Ra4 56. Rxa4 bxa4 57. Bd7 Bb5 0-1